| 000 | 00958nam a22002177a 4500 | ||
|---|---|---|---|
| 999 |
_c5006 _d5006 |
||
| 003 | AR-CdUCM | ||
| 008 | 190311b ||||| |||| 00| 0 spa d | ||
| 040 |
_aMUNICIPALIDAD PROVINCIAL DEL CUSCO _cBIBLIOTECA MUNICIPAL DEL CUSCO |
||
| 082 |
_a985.613 / _bA64 |
||
| 100 |
_aAparicio Vega, Manuel Jesús _91304 |
||
| 245 |
_aDe Vilcabamba a Camisea : _bhistoriografía de la provincia de La Convención / |
||
| 260 |
_aCusco : _bUniversidad Nacional de San Antonio Abad del Cusco, _c1999. |
||
| 300 |
_a551 páginas ; _c25 cm. |
||
| 505 | _aVilcabamba durante la segunda mitad del siglo XVI -- Vilcabamba: Prosperidad y decadencia en el siglo XVII -- Importancia del Valle de la Convención en el siglo XVIII -- Expediciones y viajes de exploración a los valles de la convención en el siglo XIX... | ||
| 650 |
_aVilcabamba _91752 |
||
| 650 |
_aPerú _935 |
||
| 650 |
_aHistoria _9246 |
||
| 650 |
_aEconomía _9382 |
||
| 942 |
_2ddc _cLIBROS |
||
| 945 | _admma | ||